00323nam a2200121Ia 4500003000400000008004100004020002500045040000800070100001900078245005500097260004000152300000900192LDD181101s9999 xx 000 0 und d a9788175879492c65.00 cLDD aAshraf, Mujeeb 0aQadim Hindustan ki saicolar riwayatcMujeeb Ashraf aNew DelhibMaktaba Jamia Ltd.c2013 a88p.